000 00305nam a22001337a 4500
020 _a9780070532465
082 _a005.033 SCH/C+
100 _aHerbert Schildt
245 _aC++: the complete reference
250 _a4th ed
260 _aNew Delhi
_bTata McGraw Hill
_c2010
300 _a1023
942 _cBK
999 _c13815
_d13815